| 000 | 00000nas 2200000za 4500 |
| 001 | 9.827665 |
| 003 | CaOODSP |
| 005 | 20221107144848 |
| 007 | cr ||||||||||| |
| 008 | 161116d19831984oncar p oss f0###a0eng|d |
| 022 | |y0828-9948 |
| 040 | |aCaOODSP|beng |
| 041 | |aeng|afre |
| 043 | |an-cn--- |
| 086 | 1 |aCS41-228-PDF |
| 245 | 00|aOther metal fabricating industries |h[electronic resource] / |cStatistics Canada, Industry Division, Census of Manufactures Section = Autres industries de produits en métal / Statistique Canada, Division de l'industrie, Section du recensement des manufactures. |
| 246 | 11|aAutres industries de produits en métal |
| 260 | |aOttawa : |bStatistics Canada = Statistique Canada, |c1985-1986. |
| 310 | |aAnnual |
| 362 | 0 |a1983-1984. |
| 490 | 0 |aAnnual census of manufactures = Recensement annuel des manufactures |
| 500 | |aDigitized edition from print [produced by Statistics Canada]. |
| 520 | |a"The metal plumbing fixtures and fittings industry includes establishments primarily engaged in manufacturing metal plumbing fixtures and plumbers brass goods."--Introduction, 1983. |
| 546 | |aText in English and French. |
| 580 | |aMerged with: Hardware, tool and cutlery industries; Wire and wire products industries; Ornamental and architectural metal products industry; Heating equipment industry; Stamped, pressed and coated metal products industries; Power boilers, heat exchanger and fabricated structural metal products industries; and, Machine shop industry, to become: Fabricated metal products industries. |
| 692 | 07|2gccst|aManufacturing industry |
| 692 | 07|2gccst|aStatistics |
| 710 | 1 |aCanada. |bStatistics Canada. |bCensus of Manufactures Section. |
| 780 | 00|tMiscellaneous metal fabricating industries |w(CaOODSP)9.827657 |
| 785 | 00|tFabricated metal products industries |w(CaOODSP)9.827918 |
| 792 | |tOther metal fabricating industries |efre|w(CaOODSP)9.827669 |